meritum Daň z příjmů 2021

Saved in:
Bibliographic Details
Main Author Jiří, Vychopeň
Format Electronic eBook
LanguageCzech
Published Wolters Kluwer 2021
Edition1. elektronické vydání
Subjects
Online AccessDostupné v BOOKPORT po přihlášení pomocí eduID
ISBN978-80-7676-085-1
978-80-7676-084-4
Physical Description1 online zdroj (580 stran)

Cover

LEADER 00000nam a2200000 i 4500
001 bkp768616565
003 CZ-prgp
005 20221111113033.0
006 m o d
007 cr cn
008 221111s2021 xr o 000 0 cze
020 |a 978-80-7676-085-1  |c 901 Kč  |q (online ; epub) 
020 |a 978-80-7676-084-4  |c 1059 Kč  |q (print) 
040 |a Grada  |b cze  |e rda 
100 1 |a Jiří, Vychopeň 
245 1 0 |a meritum Daň z příjmů 2021  |c Vychopeň Jiří 
250 |a 1. elektronické vydání 
264 1 |b Wolters Kluwer  |c 2021 
300 |a 1 online zdroj (580 stran) 
336 |a text  |b txt  |2 rdacontent 
337 |a počítač  |b c  |2 rdamedia 
338 |a online zdroj  |b cr  |2 rdacarrier 
520 3 |a meritum Daň z příjmů 2021 obsahuje z hlediska praktického využití srozumitelný výklad problematiky daní z příjmů. Je koncipováno jako každodenní pomůcka pro všechny, kteří se chtějí v této oblasti orientovat. Publikace je rozdělena do čtyř částí: daň z příjmů fyzických osob, daň z příjmů právnických osob, daňové výdaje (náklady), majetek a zásoby. Výklad je doplněn o přílohy týkající se daně z příjmů s konkrétními příklady vyplnění formulářů a je zpracován podle znění právních předpisů k 1. 4. 2021. Z hlavních změn pro zdaňovací období roku 2021 vybíráme: změny v podmínkách pro osvobození některých příjmů od daně, nové vymezení pojmu "bytová potřeba" pro účely daní z příjmů, zrušení zdaňování příjmů ze závislé činnosti z tzv. "superhrubého příjmu", zrušení solidárního zvýšení daně, zavedení druhé sazby daně pro poplatníky daně z příjmů fyzických osob, zavedení nového institutu poplatníka v paušálního režimu, nová právní úprava paušální daně, změny v návaznosti na zvýšení minimální mzdy od 1. 1. 2021, zavedení daňově zvýhodněného peněžitého příspěvku na stravování zaměstnanců (tzv. "stravenkový paušál"), zvýšení základní slevy na poplatníka a zrušení omezení max. výše daňového bonusu. Změny s dopadem i pro zdaňovací období roku 2020: zvýšení limitu vstupní ceny u hmotného majetku a technického zhodnocení, zrušení pravidel pro daňové odpisování nehmotného majetku, možnost uplatnění mimořádných odpisů u nově pořízeného hmotného majetku zatříděného v odpisových skupinách 1 a 2 a hromadné prominutí sankcí za pozdní přiznání a zaplacení daně z příjmů za zdaňovací období roku 2020. 
650 0 4 |a Daně 
856 4 0 |u https://www.bookport.cz/AccountSaml/SignIn/?idp=https://shibboleth.utb.cz/idp/shibboleth&returnUrl=/kniha/meritum-dan-z-prijmu-2021-11118/  |y Dostupné v BOOKPORT po přihlášení pomocí eduID